000 00584nam a22001577a 4500
005 20120426124637.0
020 _a8176461024
_c500.00
035 _aA-996367
037 _aDPL
_bENG
100 _aPandya, B.P.
_945800
245 _aParliamentary government in India /
_cby B.P. Pandya
260 _aDelhi
_bB.R. Publishing Corporation
300 _axii, 221p.
_c20 cms.
942 _2ddc
_cEN
_h321.80430954
_mPAN
999 _c65679
_d65679